Science Quiz

Random Science or Animal Quiz

Top 10 Deadliest Animals in the World Quiz Stats

Quiz not verified by Sporcle

Also try: Baby Beasts IV
Challenge
Share
Tweet
Embed
Score 0/10 Timer 06:00
0 Plays Today
Number Animal % Correct
5African Lion
79.1%
4Great White Shark
78%
8Polar Bear
60.1%
7Elephant
54.9%
2Asian Cobra
51%
6Australian Saltwater Crocodile
46.3%
1Mosquito
41.7%
3Australian Box Jellyfish
35.4%
9Cape Buffalo
15.8%
10Poison Dart Frog
8.5%

You're not logged in!

Compare scores with friends on all Sporcle quizzes.
Sign Up with Email
OR
Log In

You Might Also Like...

Show Comments

Extras

Top Quizzes Today


Score Distribution

Your Account Isn't Verified!

In order to create a playlist on Sporcle, you need to verify the email address you used during registration. Go to your Sporcle Settings to finish the process.